00470nam a22001577a 4500003000400000005001700004008004100021020001800062082001600080100002200096245008500118260004600203300001400249653002100263700002800284OSt20250224162959.0250224b |||||||| |||| 00| 0 eng d a9788131721988 a428.2bG82S aGreenbaum, Sidney aStudent's grammar of the English languagecby Sidney Greenbaum and Randolph Quir aNew DelhibPearson India Education c2025 a496p.bPB aEnglish language eAuthoraQuirk, Randolph